| 000 | 00373nam a22001457a 4500 | ||
|---|---|---|---|
| 003 | SGT | ||
| 020 | _a9780323341738 | ||
| 082 |
_a617.695 _bC15M |
||
| 100 | _aMohanad Al-Sabbagh | ||
| 245 | _aComplications in Implant Dentistry | ||
| 260 |
_aPhiladelphia, United States _bHealth Sciences Division _c2015 |
||
| 300 | _a1-253 | ||
| 650 | _aImplant Dentistry | ||
| 942 |
_2ddc _cBK |
||
| 999 |
_c18100 _d18100 |
||